1932 1672 1242 1272 1840 1926 1850 1036 1688 1555 1572 1112 1893 1838 1312 1964 1630 1357 1953 1153 1291 1301 1004 1787 1744 1262 1454 1792 1105 1977 1229 1661 1574 1730 1648 1319 1963 1079 1958 1661 1208 1017 1297 1009 1438 1820 1925 1525 1499 1025 1139 1085 1965 1070 1031 1624 1653 1904 1450 1352 1899 1555 1653 1322 1335 1299 1693 1577 1550 1579 1378 1822 1845 1982 1638 1183 1505 1360 1818 1310 1030 1628 1994 1380 1853 1124 1162 1261 1672 1301 1576 1846 1221 1239 1889 1192 1158 1641 1024 BCNSPRNW ULIB Ver.6.0+V

เปลี่ยนเป็นภาษาไทย

Change to English
 แสดงรายละเอียดบรรณานุกรม
  กลับหน้าหลัก

Brief Record : Get Marc (ISO 2709) : E-mail record : QR code < ปิดหน้าต่าง
LEADER : 00000nam 2200000uu 4500
001    13399111982
003     ULIB
008    110627s2552||||th 000 0 tha d
020    9786167190299
090    นว.^bก316อ ล.2 2552
100 0  กลีบลำดวน
245 00 อโณมายอดรัก/^cกลีบลำดวน
250    พิมพ์ครั้งที่ 1
260    กรุงเทพฯ :^bอินเลิฟ,^c2552
300    343 หน้า
710 1  อินเลิฟ
945    ^p209^l0^i028046
995    ทศพร
999 ^a ใช้งานได้ทุกระบบ
รายการนี้ยังไม่มีแท็ก
คุณยังไม่ได้ล็อกอิน คุณสามารถมีกิจกรรมร่วมกับเว็บไซต์ได้ แต่ต้องล็อกอินก่อน ::
  ล็อกอิน

รายการสื่อสารสนเทศ

ลำดับที่ ประเภท เลขเรียก/บาร์โค้ด สถานที่ สถานะ
- ไม่พบข้อมูล -

รายการใกล้เคียง
    ผู้แต่ง [กลีบลำดวน]

BibComment


ยังไม่เคยถูกคอมเมนท์

คอมเมนท์ทรัพยากรรายการนี้
  คอมเมนท์: อโณมายอดรัก กลีบล..


 Copyright 2026. Bcnsprnw @Library